00914nam a2200229 a 450000100100000000500170001000800410002704000250006804100130009308200150010610000380012124000350015924500980019426000300029230000210032249000420034350000760038570000420046183000510050395201130055499900170066700004402820201002045113.0140513s1972 sp 000 c spa d aDO-SdBNPbspacBNPHU17aspaheng axxxxbxxxx1 aAsimov, Isaac,d1920-1992.91332810aAsimov's mysteries.lEspañol10aEstoy en Puertomarte sin Hilda y otros cuentos /cIsaac Asimov ; traductor Antonio Alférez. aMadrid :bAlianza,c1972. a234 p. ;c18 cm.1 aEl libro de bolsilloaliteraturav366 aIncluye datos biográficos del autor en la solapa de la contracubierta12aAlférez, Antoniod1942-etr.972007 0aEl Libro de bolsillo ;pliteraturan366972008 001050718MOaGRbGRcCTd2014-05-13iLF1l0oxxxx xxxxp44028-10r2020-06-25w2020-06-25y1ZNo se presta c43517d43517